Lizzo - Good as Hell - Statistics

General Stats
  • This quiz has been taken 23 times
    21 since last reset
  • The average score is 239 of 391
Answer Stats
Lyric % Correct
I
100%
a
94%
as
94%
Go
94%
go
94%
good
94%
he
94%
hell)
88%
do
82%
feelin'?
82%
(Feelin'
82%
(Feeling
82%
hair
82%
Hair
82%
my
82%
nails
82%
Baby,
76%
how
76%
the
76%
you
76%
You
76%
check
71%
to
71%
it
65%
got
59%
In
59%
love
59%
me
59%
no
59%
now,
59%
on,
59%
on
59%
your
59%
ass
53%
don't
53%
door
53%
If
53%
if
53%
out
53%
that
53%
anymore
47%
fine
47%
get
47%
know
47%
toss,
47%
up
47%
walk
47%
we
47%
Just
41%
of
41%
So
41%
and
35%
And
35%
(And
35%
but
35%
can
35%
Come
35%
come
35%
girl,
35%
have
35%
it's
35%
let
35%
Lord,
35%
there,
35%
tired
35%
yeah,
35%
Yes,
35%
be
29%
bullsh*t
29%
child,
29%
dust
29%
eyes
29%
for
29%
keep
29%
right
29%
right)
29%
star,
29%
Then
29%
been
24%
'Cause
24%
going
24%
make
24%
moving
24%
need
24%
off,
24%
off
24%
shoes
24%
shoulders
24%
simplify
24%
swimwear,
24%
take
24%
All
18%
all,
18%
all
18%
bottle
18%
dry
18%
focus
18%
hang
18%
new
18%
pool
18%
saving
18%
sky
18%
tequila
18%
time
18%
touch
18%
try
18%
Woo,
18%
advice,
12%
breath,
12%
deep
12%
Gotta
12%
hard,
12%
kick
12%
long
12%
nights
12%
sh*t
12%
some
12%
through
12%
tonight
12%
tonight)
12%
wrong,
12%
big
6%
Boss
6%
change
6%
did
6%
fights,
6%
gon'
6%
life
6%
sacrifice
6%
tryna
6%
alright)
0%
alright
0%
Listen,
0%
(Show
0%
No matching quizzes found
Score Distribution
Percent of People with Each Score
Percentile by Number Answered
Your Score History
You have not taken this quiz since the last reset